Russkaja proza načala 21-go veka: teksty, konteksty i recepcija = Ruská próza na začiatku 21. storočia: texty, kontexty, recepcia. Časť 2., Recepcija /
Uložené v:
| Ďalší autori: | |
|---|---|
| Médium: | Kniha |
| Jazyk: | Russian Czech English Slovak |
| Vydané: |
Bratislava :
Univerzita Komenského v Bratislave,
2024.
|
| Vydanie: | Prvé vydanie |
| Témy: | |
| ISBN: |
9788022359627 |
| Fyzický popis: |
92 strán : grafy ; 21 cm. |
| Tagy: |
Pridať tag
Žiadne tagy, Buďte prvý kto otaguje tento záznam!
|
Titul je dostupný aj v ... 

MARC
| LEADER | 00000nam a2200000 i 4500 | ||
|---|---|---|---|
| 001 | 000726421 | ||
| 005 | 20250408074046.0 | ||
| 008 | 250228s2024 xo d e 001 0 rus d | ||
| 020 | |a 9788022359627 |q (brožované) | ||
| 040 | |a SVKKK |b slo |c SVKKK |e rda | ||
| 041 | 0 | |a rus |a cze |a eng |a slo |b eng | |
| 044 | |a xo |c SK | ||
| 072 | 7 | |a 821.161.1 |x Ruská literatúra |2 konspekt | |
| 080 | |a 821.161.1 |2 2011 | ||
| 080 | |a 811.161.1’25 |2 2011 | ||
| 080 | |a 811.162.4’25 |2 2011 | ||
| 080 | |a (082) |2 2011 | ||
| 080 | |a (048.8) |2 2011 | ||
| 245 | 0 | 0 | |a Russkaja proza načala 21-go veka: teksty, konteksty i recepcija = |b Ruská próza na začiatku 21. storočia: texty, kontexty, recepcia. |n Časť 2., |p Recepcija / |c sostavite´nica Marija Kusa. |
| 246 | 3 | 0 | |a Recepcija |
| 246 | 3 | 1 | |a Ruská próza na začiatku 21. storočia: texty, kontexty, recepcia. |n 2. časť, |p Recepcia |
| 246 | 3 | 0 | |a Recepcia |
| 250 | |a Prvé vydanie | ||
| 264 | 1 | |a Bratislava : |b Univerzita Komenského v Bratislave, |c 2024. | |
| 300 | |a 92 strán : |b grafy ; |c 21 cm. | ||
| 336 | |a text |b txt |2 rdacontent | ||
| 337 | |a bez média |b n |2 rdamedia | ||
| 338 | |a zväzok |b nc |2 rdacarrier | ||
| 504 | |a Obsahuje bibliografické odkazy, register a poznámky pod čiarou | ||
| 546 | |a Súbežný názov v slovenčine ; čiastočne text v angličtine, češtine a slovenčine ; anglické resumé | ||
| 648 | 7 | |a 21. storočie |2 SVKKKPH | |
| 648 | 7 | |a 21th century |2 SVKKKPHeng | |
| 650 | 0 | 7 | |a ruská literatúra |2 SVKKKPH |
| 650 | 0 | 7 | |a preklady z ruštiny |2 SVKKKPH |
| 650 | 0 | 7 | |a preklady do slovenčiny |2 SVKKKPH |
| 650 | 0 | 7 | |a Russian literature |2 SVKKKPHeng |
| 650 | 0 | 7 | |a translations from Russian |2 SVKKKPHeng |
| 650 | 0 | 7 | |a translations into Slovak |2 SVKKKPHeng |
| 655 | 7 | |a zborníky |2 SVKKKPH | |
| 655 | 7 | |a štúdie |2 SVKKKPH | |
| 655 | 7 | |a miscellanea |2 SVKKKPHeng | |
| 655 | 7 | |a studies |2 SVKKKPHeng | |
| 700 | 1 | |a Kusá, Mária, |d 1957- |c com | |
| 910 | |a svkkk | ||
| 919 | |a 978-80-223-5962-7 | ||
| 998 | |a BK | ||
| 090 | |g SCKHL |k Sklad Hlavná 10 prízemie |a III.258178 |j 1132334 |i 2721137087 |s Povinný výt. | ||